Selected topics (high-intermediate listening - comprehension) Luyện kỹ năng nghe hiểu

Salvato in:
Dettagli Bibliografici
Autore principale: Ellen Kisslinger
Natura: Libro
Lingua:Undetermined
Pubblicazione: Tp. HCM Nxb. Tp. HCM 1999
Soggetti:
Tags: Aggiungi Tag
Nessun Tag, puoi essere il primo ad aggiungerne! !
Thư viện lưu trữ: Trung tâm Học liệu Trường Đại học Cần Thơ
LEADER 00666nam a2200205Ia 4500
001 CTU_30664
008 210402s9999 xx 000 0 und d
020 |b 24.000đ 
082 |a 428.24 
082 |b K62 
100 |a Ellen Kisslinger 
245 0 |a Selected topics (high-intermediate listening - comprehension) 
245 0 |b Luyện kỹ năng nghe hiểu 
245 0 |c Ellen Kisslinger 
260 |a Tp. HCM 
260 |b Nxb. Tp. HCM 
260 |c 1999 
650 |a english language - spoken english - textbooks for foreigners,english language - study and teaching 
904 |i Minh, 990522 
980 |a Trung tâm Học liệu Trường Đại học Cần Thơ